Phương pháp nghiên cứu khoa học giáo dục Tài liệu đào tạo giáo viên tiểu học
v...v
Đã lưu trong:
| Tác giả chính: | |
|---|---|
| Định dạng: | Sách |
| Năm xuất bản: |
H.
Giáo dục
2006
|
| Chủ đề: | |
| Tags: |
Thêm thẻ
Không có thẻ, Hãy là người đầu tiên gắn thẻ bản ghi này!
|
| LEADER | 08558nam a2200757 4500 | ||
|---|---|---|---|
| 082 | |a 370.7 |b M103NG | ||
| 100 | |a Mai Ngọc Luông | ||
| 245 | |a Phương pháp nghiên cứu khoa học giáo dục |c Mai Ngọc Luông |b Tài liệu đào tạo giáo viên tiểu học | ||
| 260 | |a H. |b Giáo dục |c 2006 | ||
| 300 | |a 84tr |c 29cm. | ||
| 500 | |a Đầu trang tên sách ghi: Bộ GD&ĐT. Dự án phát triển giáo viên tiểu học. | ||
| 520 | |a v...v | ||
| 653 | |a Giáo dục | ||
| 653 | |a Phương pháp nghiên cứu | ||
| 942 | |2 ddc |c STK | ||
| 999 | |c 10344 |d 10344 | ||
| 952 | |0 0 |1 0 |2 ddc |4 0 |6 370_700000000000000_M103NG |7 0 |8 300 |9 80000 |a qbu |b qbu |c D2 |d 2015-07-23 |o 370.7 M103NG |p 10396.c1 |r 0000-00-00 |w 2015-07-23 |y STK | ||
| 952 | |0 0 |1 0 |2 ddc |4 0 |6 370_700000000000000_M103NG |7 0 |8 300 |9 80001 |a qbu |b qbu |c D2 |d 2015-07-23 |l 6 |o 370.7 M103NG |p 10396.c2 |r 2018-12-20 |s 2018-11-27 |w 2015-07-23 |y STK | ||
| 952 | |0 0 |1 0 |2 ddc |4 0 |6 370_700000000000000_M103NG |7 0 |8 300 |9 80002 |a qbu |b qbu |c D2 |d 2015-07-23 |o 370.7 M103NG |p 10396.c3 |r 0000-00-00 |w 2015-07-23 |y STK | ||
| 952 | |0 0 |1 0 |2 ddc |4 0 |6 370_700000000000000_M103NG |7 0 |8 300 |9 80003 |a qbu |b qbu |c D2 |d 2015-07-23 |o 370.7 M103NG |p 10396.c4 |r 0000-00-00 |w 2015-07-23 |y STK | ||
| 952 | |0 0 |1 0 |2 ddc |4 0 |6 370_700000000000000_M103NG |7 0 |8 300 |9 80004 |a qbu |b qbu |c D2 |d 2015-07-23 |l 1 |o 370.7 M103NG |p 10396.c5 |r 2021-06-04 |s 2021-03-24 |w 2015-07-23 |y STK | ||
| 952 | |0 0 |1 0 |2 ddc |4 0 |6 370_700000000000000_M103NG |7 0 |8 300 |9 80005 |a qbu |b qbu |c D2 |d 2015-07-23 |l 1 |o 370.7 M103NG |p 10396.c6 |r 2021-05-25 |s 2021-03-24 |w 2015-07-23 |y STK | ||
| 952 | |0 0 |1 0 |2 ddc |4 0 |6 370_700000000000000_M103NG |7 0 |8 300 |9 80006 |a qbu |b qbu |c D2 |d 2015-07-23 |l 1 |o 370.7 M103NG |p 10396.c7 |r 2021-05-25 |s 2021-03-24 |w 2015-07-23 |y STK | ||
| 952 | |0 0 |1 0 |2 ddc |4 0 |6 370_700000000000000_M103NG |7 0 |8 300 |9 80007 |a qbu |b qbu |c D2 |d 2015-07-23 |l 1 |o 370.7 M103NG |p 10396.c8 |r 2021-05-27 |s 2021-03-22 |w 2015-07-23 |y STK | ||
| 952 | |0 0 |1 0 |2 ddc |4 0 |6 370_700000000000000_M103NG |7 0 |8 300 |9 80008 |a qbu |b qbu |c D2 |d 2015-07-23 |l 8 |m 8 |o 370.7 M103NG |p 10396.c9 |q 2022-04-11 |r 2021-11-05 |s 2021-11-05 |w 2015-07-23 |y STK | ||
| 952 | |0 0 |1 0 |2 ddc |4 0 |6 370_700000000000000_M103NG |7 0 |8 300 |9 80009 |a qbu |b qbu |c D2 |d 2015-07-23 |l 1 |o 370.7 M103NG |p 10396.c10 |r 2021-05-26 |s 2021-03-22 |w 2015-07-23 |y STK | ||
| 952 | |0 0 |1 0 |2 ddc |4 0 |6 370_700000000000000_M103NG |7 0 |8 300 |9 80010 |a qbu |b qbu |c D2 |d 2015-07-23 |l 1 |o 370.7 M103NG |p 10396.c11 |r 2021-07-05 |s 2021-05-04 |w 2015-07-23 |y STK | ||
| 952 | |0 0 |1 0 |2 ddc |4 0 |6 370_700000000000000_M103NG |7 0 |8 300 |9 80011 |a qbu |b qbu |c D2 |d 2015-07-23 |l 2 |m 2 |o 370.7 M103NG |p 10396.c12 |q 2021-12-22 |r 2021-08-23 |s 2021-08-23 |w 2015-07-23 |y STK | ||
| 952 | |0 0 |1 0 |2 ddc |4 0 |6 370_700000000000000_M103NG |7 0 |8 300 |9 80012 |a qbu |b qbu |c D2 |d 2015-07-23 |l 5 |m 1 |o 370.7 M103NG |p 10396.c13 |r 2021-07-12 |s 2021-05-04 |w 2015-07-23 |y STK | ||
| 952 | |0 0 |1 0 |2 ddc |4 0 |6 370_700000000000000_M103NG |7 0 |8 300 |9 80013 |a qbu |b qbu |c D2 |d 2015-07-23 |l 1 |o 370.7 M103NG |p 10396.c14 |r 2021-07-14 |s 2021-05-04 |w 2015-07-23 |y STK | ||
| 952 | |0 0 |1 0 |2 ddc |4 0 |6 370_700000000000000_M103NG |7 0 |8 300 |9 80014 |a qbu |b qbu |c D2 |d 2015-07-23 |l 2 |o 370.7 M103NG |p 10396.c15 |r 2021-06-21 |s 2021-04-28 |w 2015-07-23 |y STK | ||
| 952 | |0 0 |1 0 |2 ddc |4 0 |6 370_700000000000000_M103NG |7 0 |8 300 |9 80015 |a qbu |b qbu |c D2 |d 2015-07-23 |l 1 |o 370.7 M103NG |p 10396.c16 |r 2021-06-28 |s 2021-03-29 |w 2015-07-23 |y STK | ||
| 952 | |0 0 |1 0 |2 ddc |4 0 |6 370_700000000000000_M103NG |7 0 |8 300 |9 80016 |a qbu |b qbu |c D2 |d 2015-07-23 |l 1 |m 1 |o 370.7 M103NG |p 10396.c17 |r 2021-07-14 |s 2021-03-29 |w 2015-07-23 |y STK | ||
| 952 | |0 0 |1 0 |2 ddc |4 0 |6 370_700000000000000_M103NG |7 0 |8 300 |9 80017 |a qbu |b qbu |c D2 |d 2015-07-23 |l 1 |m 1 |o 370.7 M103NG |p 10396.c18 |r 2021-07-13 |s 2021-04-12 |w 2015-07-23 |y STK | ||
| 952 | |0 0 |1 0 |2 ddc |4 0 |6 370_700000000000000_M103NG |7 0 |8 300 |9 80018 |a qbu |b qbu |c D2 |d 2015-07-23 |l 1 |o 370.7 M103NG |p 10396.c19 |r 2021-06-16 |s 2021-03-26 |w 2015-07-23 |y STK | ||
| 952 | |0 0 |1 0 |2 ddc |4 0 |6 370_700000000000000_M103NG |7 0 |8 300 |9 80019 |a qbu |b qbu |c D2 |d 2015-07-23 |l 4 |o 370.7 M103NG |p 10396.c20 |r 2021-06-04 |s 2021-03-30 |w 2015-07-23 |y STK | ||
| 952 | |0 0 |1 0 |2 ddc |4 0 |6 370_700000000000000_M103NG |7 0 |8 300 |9 80020 |a qbu |b qbu |c D2 |d 2015-07-23 |l 1 |o 370.7 M103NG |p 10396.c21 |r 2021-06-16 |s 2021-03-26 |w 2015-07-23 |y STK | ||
| 952 | |0 0 |1 0 |2 ddc |4 0 |6 370_700000000000000_M103NG |7 0 |8 300 |9 80021 |a qbu |b qbu |c D2 |d 2015-07-23 |l 1 |o 370.7 M103NG |p 10396.c22 |r 2021-06-02 |s 2021-03-29 |w 2015-07-23 |y STK | ||
| 952 | |0 0 |1 0 |2 ddc |4 0 |6 370_700000000000000_M103NG |7 0 |8 300 |9 80022 |a qbu |b qbu |c D2 |d 2015-07-23 |l 6 |o 370.7 M103NG |p 10396.c23 |r 2018-05-03 |s 2018-03-09 |w 2015-07-23 |y STK | ||
| 952 | |0 0 |1 0 |2 ddc |4 0 |6 370_700000000000000_M103NG |7 0 |8 300 |9 80023 |a qbu |b qbu |c D2 |d 2015-07-23 |o 370.7 M103NG |p 10396.c24 |r 0000-00-00 |w 2015-07-23 |y STK | ||
| 952 | |0 0 |1 0 |2 ddc |4 0 |6 370_700000000000000_M103NG |7 0 |8 300 |9 80024 |a qbu |b qbu |c D2 |d 2015-07-23 |o 370.7 M103NG |p 10396.c25 |r 0000-00-00 |w 2015-07-23 |y STK | ||
| 952 | |0 0 |1 0 |2 ddc |4 0 |6 370_700000000000000_M103NG |7 0 |8 300 |9 80025 |a qbu |b qbu |c D2 |d 2015-07-23 |o 370.7 M103NG |p 10396.c26 |r 0000-00-00 |w 2015-07-23 |y STK | ||
| 952 | |0 0 |1 0 |2 ddc |4 0 |6 370_700000000000000_M103NG |7 0 |8 300 |9 80026 |a qbu |b qbu |c D2 |d 2015-07-23 |o 370.7 M103NG |p 10396.c27 |r 0000-00-00 |w 2015-07-23 |y STK | ||
| 952 | |0 0 |1 0 |2 ddc |4 0 |6 370_700000000000000_M103NG |7 0 |8 300 |9 80027 |a qbu |b qbu |c D2 |d 2015-07-23 |o 370.7 M103NG |p 10396.c28 |r 0000-00-00 |w 2015-07-23 |y STK | ||
| 952 | |0 0 |1 0 |2 ddc |4 0 |6 370_700000000000000_M103NG |7 0 |8 300 |9 80028 |a qbu |b qbu |c D2 |d 2015-07-23 |o 370.7 M103NG |p 10396.c29 |r 0000-00-00 |w 2015-07-23 |y STK | ||
| 952 | |0 0 |1 0 |2 ddc |4 0 |6 370_700000000000000_M103NG |7 0 |8 300 |9 80029 |a qbu |b qbu |c D2 |d 2015-07-23 |l 4 |m 1 |o 370.7 M103NG |p 10396.c30 |r 2018-05-03 |s 2018-03-09 |w 2015-07-23 |y STK | ||
| 952 | |0 0 |1 0 |2 ddc |4 0 |6 370_700000000000000_M103NG |7 0 |8 300 |9 80030 |a qbu |b qbu |c D2 |d 2015-07-23 |o 370.7 M103NG |p 10396.c31 |r 0000-00-00 |w 2015-07-23 |y STK | ||
| 952 | |0 0 |1 0 |2 ddc |4 0 |6 370_700000000000000_M103NG |7 0 |8 300 |9 80031 |a qbu |b qbu |c D2 |d 2015-07-23 |l 1 |o 370.7 M103NG |p 10396.c32 |r 2021-06-11 |s 2021-05-31 |w 2015-07-23 |y STK | ||
| 952 | |0 0 |1 0 |2 ddc |4 0 |6 370_700000000000000_M103NG |7 0 |8 300 |9 80032 |a qbu |b qbu |c D2 |d 2015-07-23 |l 1 |o 370.7 M103NG |p 10396.c33 |r 2021-06-23 |s 2021-05-07 |w 2015-07-23 |y STK | ||
| 952 | |0 0 |1 0 |2 ddc |4 0 |6 370_700000000000000_M103NG |7 0 |8 300 |9 80033 |a qbu |b qbu |c D2 |d 2015-07-23 |l 5 |o 370.7 M103NG |p 10396.c34 |r 2021-07-05 |s 2021-05-04 |w 2015-07-23 |y STK | ||
| 952 | |0 0 |1 0 |2 ddc |4 0 |6 370_700000000000000_M103NG |7 0 |8 300 |9 80034 |a qbu |b qbu |c D2 |d 2015-07-23 |o 370.7 M103NG |p 10396.c35 |r 0000-00-00 |w 2015-07-23 |y STK | ||
| 952 | |0 0 |1 0 |2 ddc |4 0 |6 370_700000000000000_M103NG |7 0 |8 300 |9 80035 |a qbu |b qbu |c D2 |d 2015-07-23 |o 370.7 M103NG |p 10396.c36 |r 0000-00-00 |w 2015-07-23 |y STK | ||
| 952 | |0 0 |1 0 |2 ddc |4 0 |6 370_700000000000000_M103NG |7 0 |8 300 |9 80036 |a qbu |b qbu |c D2 |d 2015-07-23 |o 370.7 M103NG |p 10396.c37 |r 0000-00-00 |w 2015-07-23 |y STK | ||
| 952 | |0 0 |1 0 |2 ddc |4 0 |6 370_700000000000000_M103NG |7 0 |8 300 |9 80037 |a qbu |b qbu |c D2 |d 2015-07-23 |o 370.7 M103NG |p 10396.c38 |r 0000-00-00 |w 2015-07-23 |y STK | ||
| 952 | |0 0 |1 0 |2 ddc |4 0 |6 370_700000000000000_M103NG |7 0 |8 300 |9 80038 |a qbu |b qbu |c D2 |d 2015-07-23 |o 370.7 M103NG |p 10396.c39 |r 0000-00-00 |w 2015-07-23 |y STK | ||
| 952 | |0 0 |1 0 |2 ddc |4 0 |6 370_700000000000000_M103NG |7 0 |8 300 |9 80039 |a qbu |b qbu |c D2 |d 2015-07-23 |o 370.7 M103NG |p 10396.c40 |r 0000-00-00 |w 2015-07-23 |y STK | ||
| 952 | |0 0 |1 0 |2 ddc |4 0 |6 370_700000000000000_M103NG |7 0 |8 300 |9 80040 |a qbu |b qbu |c D2 |d 2015-07-23 |o 370.7 M103NG |p 10396.c41 |r 0000-00-00 |w 2015-07-23 |y STK | ||
| 952 | |0 0 |1 0 |2 ddc |4 0 |6 370_700000000000000_M103NG |7 0 |8 300 |9 80041 |a qbu |b qbu |c D2 |d 2015-07-23 |o 370.7 M103NG |p 10396.c42 |r 0000-00-00 |w 2015-07-23 |y STK | ||
| 952 | |0 0 |1 0 |2 ddc |4 0 |6 370_700000000000000_M103NG |7 0 |8 300 |9 80042 |a qbu |b qbu |c D2 |d 2015-07-23 |o 370.7 M103NG |p 10396.c43 |r 0000-00-00 |w 2015-07-23 |y STK | ||
| 952 | |0 0 |1 0 |2 ddc |4 0 |6 370_700000000000000_M103NG |7 0 |8 300 |9 80043 |a qbu |b qbu |c D2 |d 2015-07-23 |o 370.7 M103NG |p 10396.c44 |r 0000-00-00 |w 2015-07-23 |y STK | ||
| 952 | |0 0 |1 0 |2 ddc |4 0 |6 370_700000000000000_M103NG |7 0 |8 300 |9 80044 |a qbu |b qbu |c D2 |d 2015-07-23 |l 3 |o 370.7 M103NG |p 10396.c45 |r 2018-01-25 |s 2018-01-08 |w 2015-07-23 |y STK | ||
| 952 | |0 0 |1 0 |2 ddc |4 0 |6 370_700000000000000_M103NG |7 0 |8 300 |9 80045 |a qbu |b qbu |c D2 |d 2015-07-23 |o 370.7 M103NG |p 10396.c46 |r 0000-00-00 |w 2015-07-23 |y STK | ||
| 952 | |0 0 |1 0 |2 ddc |4 0 |6 370_700000000000000_M103NG |7 0 |8 300 |9 80046 |a qbu |b qbu |c D2 |d 2015-07-23 |o 370.7 M103NG |p 10396.c47 |r 0000-00-00 |w 2015-07-23 |y STK | ||
| 952 | |0 0 |1 0 |2 ddc |4 0 |6 370_700000000000000_M103NG |7 0 |8 300 |9 80047 |a qbu |b qbu |c D2 |d 2015-07-23 |o 370.7 M103NG |p 10396.c48 |r 0000-00-00 |w 2015-07-23 |y STK | ||
| 952 | |0 0 |1 0 |2 ddc |4 0 |6 370_700000000000000_M103NG |7 0 |8 300 |9 80048 |a qbu |b qbu |c D2 |d 2015-07-23 |o 370.7 M103NG |p 10396.c49 |r 0000-00-00 |w 2015-07-23 |y STK | ||
| 952 | |0 0 |1 0 |2 ddc |4 0 |6 370_700000000000000_M103NG |7 0 |8 300 |9 80049 |a qbu |b qbu |c D2 |d 2015-07-23 |o 370.7 M103NG |p 10396.c50 |r 0000-00-00 |w 2015-07-23 |y STK | ||